000 00798nam0a22002171i 4500
001 rc\557335
005 20240726011843.0
035 _a(NLR Aleph) 005792759
090 _a5214209
_c5214209
100 _a20030616d1988 u |0rusy50 ca
101 0 _arus
102 _aRU
105 _ay |||||||||
200 1 _aЗоопланктон Гвинейского залива
_e(Анализ времен. и пространств. структуры)
_eАвтореф. дис. на соиск. учен. степ. канд. биол. наук
_e(03.00.18)
_fМГУ им. М.В. Ломоносова, Биол. фак.
210 _aМ.
_d1988
215 _a24 с.
700 1 _aКамара
_bС.
_gСеку
801 0 _aRU
_bNLR
_gpsbo
801 1 _aRU
_bELAR
_2rusmarc
852 _aNLR
_jА88/12712
942 _cBOOK